Les albums de Gaston Lagaffe - Statistiques

Statistiques générales
  • Ce quiz a été pris 27 fois
  • Le résultat moyen est 19 sur 64
Statistiques - réponses
Série Numéro d'Album Année de Parution Réponse % Correct
2 10 1972 Le Géant de la gaffe
58%
3 13 1997 Le Géant de la gaffe
58%
4 14 2018 Le Géant de la gaffe
58%
2 9 1971 Le Cas Lagaffe
50%
3 12 1997 Le Cas Lagaffe
50%
4 12 2018 Le Cas Lagaffe
50%
2 6 1968 Des gaffes et des dégâts
46%
3 7 1997 Des Gaffes et des dégâts
46%
4 7 2018 Des gaffes et des dégâts
46%
2 11 1973 Gaffes, bévues et boulettes
46%
3 14 1997 Gaffes, bévues et boulettes
46%
4 16 2018 Gaffes, bévues et boulettes
46%
2 13 1979 Lagaffe mérite des baffes
46%
3 16 1997 Lagaffe mérite des baffes
46%
4 18 2018 Lagaffe mérite des baffes
46%
2 R2 1972 Le Bureau des gaffes en gros
46%
3 5 1997 Le Bureau des gaffes en gros
46%
4 4 2018 Le Bureau des gaffes en gros
46%
2 7 1969 Un gaffeur sachant gaffer
46%
3 9 1997 Un Gaffeur sachant gaffer
46%
4 9 2018 un gaffeur sachant gaffer
46%
1 3 1964 Gaffes à gogo
38%
3 2 1997 Gaffes à gogo
38%
4 5 2018 Gaffes à gogo
38%
1 2 1963 Gala de gaffes
33%
3 4 1997 Gala de gaffes
33%
4 3 2018 Gala de gaffes
33%
1 1 1966 Gare aux gaffes
33%
3 6 1997 Gare aux gaffes
33%
4 2 2018 Gare aux gaffes
33%
3 10 1997 Lagaffe nous gâte
33%
4 11 2018 Lagaffe nous gâte
33%
2 12 1974 Le Gang des gaffeurs
33%
3 15 1997 Le Gang des gaffeurs
33%
4 17 2018 Le Gang des gaffeurs
33%
2 R4 1974 En direct de la gaffe
29%
2 14 1982 La Saga des gaffes
29%
3 17 1997 La Saga des gaffes
29%
4 19 2018 La Saga des gaffes
29%
2 R1 1970 Gala de gaffes à gogo
25%
1 0 1960 Gaston
21%
2 15 1996 Gaffe à Lagaffe!
21%
2 0 1985 Gaffes et gadgets
21%
2 R5 1986 Le Lourd Passé de Lagaffe
21%
Posthume 22 2023 Le Retour de Lagaffe
21%
1 5 1967 Les Gaffes d'un gars gonflé
17%
3 3 1997 Les Gaffes d'un gars gonflé
17%
4 6 2018 Les Gaffes d'un gars gonflé
17%
1 4 1965 Gaffes en gros
13%
2 R3 1973 Gare aux gaffes du gars gonflé
13%
3 11 1997 Le Repos du gaffeur
13%
4 15 2018 Le Repos du gaffeur
13%
3 1 1997 Les Archives de Lagaffe
13%
4 0 2018 Les Archives de Lagaffe
13%
4 10 2018 Gaffes en pagaille
8%
4 20 2018 Lagaffe rebondit
8%
4 13 2018 Lagaffe se décoince
8%
4 1 2018 Premières gaffes
8%
3 8 1997 Rafales de gaffes
8%
4 8 2018 Rafales de gaffes
8%
4 21 2018 Ultimes bévues
8%
3 19 1999 Faites gaffe à Lagaffe
4%
3 18 1997 Gaffers en pagaille
0%
2 8 1970 Lagaffe nous gâtes
0%
Aucun quiz correspondant
Distribution des résultats
% des personnes avec chaque résultat
Percentile par nombre de réponses
Votre historique - résultats
Vous n’avez pas pris ce quiz